000 00654nam a2200193 a 4500
005 20140412111329.0
008 030212s19uu xx 00 eng d
020 _a0-383-03633-X
050 _aBB
_bIk2 1994
100 _aLoves, June
245 _aI know that /
_cwritten by June Loves ; illustrated by Craig Smith.
260 _aSingapore :
_bSRA Macmillan/McGraw-Hill,
_c1994.
300 _a16 p. ; ill.
440 _aVoyages
520 _aA smartypants girl, who thinks she know everything about the dangerous animals she meets, comes to an untimely end.
650 _aAnimals--Fiction
650 _aPride and vanity--Fiction
999 _c104850
_d104850